The Nanjing Massacre - Statistics

General Stats
  • This quiz has been taken 7 times
  • The average score is 4 of 15
Answer Stats
Hint Answer % Correct
The KMT government fled to this city after the fall of Nanjing Chongqing
83%
The war that led to it started at this incident {Marco} {Polo} Bridge
83%
The Japanese troops that committed this mostly landed in China at this city Shanghai
83%
Term for the women and girls forced into sexual slavery {Comfort} women
50%
Number of victims you see at the memorial 300000
33%
Chinese-American writer that referred to the massacre as "Rape" in her book Iris Chang
17%
Nazi businessman that established the Nanjing Safety Zone John Rabe
17%
Dane that displayed a Danish flag at a cement factory Bernhard Arp Sindberg
0%
General executed in 1948 that commanded the troops Iwane Matsui
0%
US missionary that filmed the atrocities that were later displayed at the Tokyo Trials John Magee
0%
Mukai and Noda held a contest to ____ ___ ______, resulting in a 106-105 {kill} {100} {people}
0%
President of the Ginling College that protected civilians and kept a diary Minnie Vautrin
0%
US gunboat attacked by Japanese troops USS {Panay}
0%
Japanese prince that presided over the massacre Yasuhiko Asaka
0%
Japanese shrine controversial for enshrining war criminals Yasukuni
0%
No matching quizzes found
Score Distribution
Percent of People with Each Score
Percentile by Number Answered
Your Score History
You have not taken this quiz